| 000 | 01426nam a2200349 u 4500 | ||
|---|---|---|---|
| 001 | 00020321 | ||
| 003 | DO-SdBNP | ||
| 005 | 20180312092140.0 | ||
| 007 | 00020321 | ||
| 008 | 100804s2002 dr a r 000 0 spa d | ||
| 020 | _a99934413X | ||
| 040 |
_aBPMSU _bspa _cBPMSU |
||
| 082 |
_a372.372 _bF383e 5to. 2002 |
||
| 100 | 1 | _aFerreiras, Francisca | |
| 245 | 1 | 0 |
_aEducación sexual 5 : _beducación básica / _c texto Francisca Ferreiras ; dirección editorial Obdulia García de Escobar ; ilustración Ruddy Núñez |
| 260 | 0 |
_aSanto Domingo : _bSantillana , _c2002. |
|
| 300 |
_a72 p. : _bil. ; _c28 cm. |
||
| 490 | 1 |
_aÚmbral _v5 |
|
| 505 |
_tLos niños y las niñas crecen y se desarrollan -- _tLos órganos genitales y la salud de mi cuerpo -- _tMi mundo familiar y social -- _tLa reproducción humana -- _t Mi relación con la sociedad -- |
||
| 650 | 4 | _aEDUCACIÓN SEXUAL PARA NIÑOS | |
| 650 | 4 |
_aEDUCACIÓN SEXUAL PARA NIÑOS _xLIBROS DE TEXTOS |
|
| 650 | 4 |
_aEDUCACIÓN SEXUAL PARA NIÑOS _xESTUDIOS Y EJERCÍCIOS |
|
| 650 | 4 |
_aEDUCACIÓN SEXUAL _xENSEÑANZA BÁSICA |
|
| 650 | 4 |
_aEDUCACIÓN PRIMARIA _zREPÚBLICA DOMINICANA |
|
| 700 | 1 | 2 |
_a García de Escobar, Obdulia _eed. |
| 700 | 1 | 2 |
_aNúñez, Ruddy _eil. |
| 830 | 0 |
_aÚmbral _v5 |
|
| 910 | _aValidado. Control de calidad MFF | ||
| 942 |
_2ddc _cBK |
||
| 945 | _aRemanejado para la BPMSU / 2018 VM | ||
| 956 |
_aVMATEO _b10 _c20160513 _lBPMSU _h0069 |
||
| 999 |
_c10139 _d10139 |
||